000 02353nam a22005057a 4500
003 CHAP
005 20230527062634.0
008 971010s1982 r 00010 d
010 _a62883
011 _a63855
035 _a68401
040 _cCHAP
082 _a631.3
_bB46
100 1 0 _aBerlijn, Johan D.
_911826
245 1 _aElementos de maquinaria agrícola
260 _aMéxico, D.F. :
_bTrillas,
_c1982
300 _a77 p.
_b: ilus.
490 _aManuales para educación agropecuaria.
_pMecánica agrícola
500 _ac.1 ed. por DGETA título y paginación varia
590 _aBATCH-UPD
_b10
_c20130110
_lUCH01
_h1950
590 _aBATCH-UPD
_b10
_c20130410
_lUCH01
_h1312
590 _aBATCH-UPD
_b10
_c20130914
_lUCH01
_h0607
590 _aCONVERSION
_b10
_c20130109
_lUCH01
_h1334
650 1 4 _aMaquinaria agrícola.
_971151
830 _aManuales para educación agropecuaria.
_pMecánica agrícola
_970691
901 _aBK
942 _cLIBRO
949 _a631.3 B46
_bBC
_cLIBRO
_d-48904
_eLIBRO
_fc.14
_h77229
_i68401
_si
949 _a631.3 B46
_bBC
_cLIBRO
_d33724000056685
_eLIBRO
_fc.5
_h58069
_i68401
_si
949 _a631.3 B46
_bBC
_cLIBRO
_d33724000056701
_eLIBRO
_fc.13
_h61697
_i68401
_si
949 _a631.3 B46
_bBC
_cLIBRO
_d33724000056719
_eLIBRO
_fc.11
_h61695
_i68401
_si
949 _a631.3 B46
_bBC
_cLIBRO
_d33724000056818
_eLIBRO
_fc.3
_h58067
_i68401
_si
949 _a631.3 B46
_bBC
_cLIBRO
_d33724000056826
_eLIBRO
_fc.6
_h58070
_i68401
_si
949 _a631.3 B46
_bBC
_cLIBRO
_d33724000056834
_eLIBRO
_fc.12
_h61696
_i68401
_sb
949 _a631.3 B46
_bBC
_cLIBRO
_d33724000056842
_eLIBRO
_fc.8
_h61396
_i68401
_si
949 _a631.3 B46
_bBC
_cLIBRO
_d33724000056917
_eLIBRO
_fc.7
_h58071
_i68401
_si
949 _a631.3 B46
_bBC
_cLIBRO
_d33724000057287
_eLIBRO
_fc.2
_h58066
_i68401
_si
949 _a631.3 B46
_bBC
_cLIBRO
_d33724000599692
_eLIBRO
_fc.9
_h61693
_i68401
_kReposiciØn
_si
949 _a631.3 B46
_bBC
_cLIBRO
_d33724000677894
_eLIBRO
_fc.10
_h61694
_i68401
_si
949 _a631.3 B46
_bBC
_cLIBRO
_d33724000873808
_eLIBRO
_fc.15
_gDonaciØn
_h103041
_i68401
_si
949 _a631.3 B46
_bBC
_cLIBRO
_d33724000901724
_eLIBRO
_fc.4
_h58068
_i68401
_si
949 _a631.3 M4 V.36
_bMA
_cLIBRO
_d-43965
_eLIBRO
_fc.2
_h1353
_i68401
_si
949 _a631.3 M4 V.36
_bMA
_cLIBRO
_d-43966
_eLIBRO
_fc.3
_h1354
_i68401
_si
949 _a631.3 M4 V.36
_bMA
_cLIBRO
_d-520
_eLIBRO
_h1352
_i68401
_si
999 _c62883
_d62883